00602 2200205 4500001002100000005001500021035002000036007000300056008004100059020002200100082001200122084001800134100001900152245007100171250001100242260004200253300004700295650002700342650002700369INLIS00000000000059520221122105358 a0010-1122000189ta221122 g 0 ara  a978-979-901-039-1 aR 492.7 aR 492.7 MUH k0 aMuhammad Yunus1 aKamus Arab :bArab - Indonesia, Indonesia - Arab /cMuhammad Yunus aCet. I aJakarta :bPustaka Anak Bangsa,c2022 a700 halaman :bilustrasi berwarna ;c20 cm 4aKamus Arab - Indonesia 4aKamus Indonesia - Arab